MARC details
| 000 -LEADER |
| fixed length control field |
02712cam a2200601 i 4500 |
| 001 - CONTROL NUMBER |
| control field |
19564263 |
| 005 - DATE AND TIME OF LATEST TRANSACTION |
| control field |
20200630125608.0 |
| 008 - FIXED-LENGTH DATA ELEMENTS--GENERAL INFORMATION |
| fixed length control field |
170316s2017 nyua j 000 1 eng d |
| 010 ## - LIBRARY OF CONGRESS CONTROL NUMBER |
| LC control number |
2017937032 |
| 020 ## - INTERNATIONAL STANDARD BOOK NUMBER |
| International Standard Book Number |
9781101933817 (board book) |
| 035 ## - SYSTEM CONTROL NUMBER |
| System control number |
(OCoLC)ocn991422514 |
| 040 ## - CATALOGING SOURCE |
| Original cataloging agency |
YDX |
| Language of cataloging |
eng |
| Transcribing agency |
YDX |
| Description conventions |
rda |
| Modifying agency |
BTCTA |
| -- |
BDX |
| -- |
CHILD |
| -- |
JQR |
| -- |
MLY |
| -- |
ZAC |
| -- |
MRV |
| -- |
OCLCO |
| -- |
OCLCF |
| -- |
TCH |
| -- |
OJ4 |
| -- |
OCL |
| -- |
OQ8 |
| -- |
OCLCO |
| -- |
IHX |
| -- |
JPL |
| -- |
OCL |
| -- |
DLC |
| 042 ## - AUTHENTICATION CODE |
| Authentication code |
lccopycat |
| 050 00 - LIBRARY OF CONGRESS CALL NUMBER |
| Classification number |
PZ8.3.M45963 |
| Item number |
Goo 2017b |
| 082 04 - DEWEY DECIMAL CLASSIFICATION NUMBER |
| Classification number |
[E] |
| Edition number |
23 |
| 092 ## - LOCALLY ASSIGNED DEWEY CALL NUMBER (OCLC) |
| Classification number |
childrens board book |
| Item number |
McKellar |
| 100 1# - MAIN ENTRY--PERSONAL NAME |
| Personal name |
McKellar, Danica, |
| Relator term |
author. |
| 9 (RLIN) |
5763493 |
| 245 10 - TITLE STATEMENT |
| Title |
Goodnight, numbers / |
| Statement of responsibility, etc |
Danica McKellar ; illustrated by Alicia Padrón. |
| 250 ## - EDITION STATEMENT |
| Edition statement |
First Board Book Edition. |
| 264 #1 - Production, Publication, Distribution, Manufacture, and Copyright Notice. |
| Place of production, publication, distribution, manufacture |
[New York, New York] : |
| Name of producer, publisher, distributor, manufacturer |
Crown, |
| Date of production, publication, distribution, manufacture, or copyr |
[2017] |
| 300 ## - PHYSICAL DESCRIPTION |
| Extent |
1 volume (unpaged) : |
| Other physical details |
color illustrations ; |
| Dimensions |
20 cm. |
| 336 ## - Content Type |
| Content type term |
text |
| 336 ## - Content Type |
| Content type term |
still image |
| 337 ## - Media type |
| Media type term |
unmediated |
| 338 ## - Carrier type |
| Carrier type term |
volume |
| 490 0# - SERIES STATEMENT |
| Series statement |
McKellar math |
| 500 ## - GENERAL NOTE |
| General note |
Cover title. |
| 500 ## - GENERAL NOTE |
| General note |
On board pages. |
| 520 ## - SUMMARY, ETC. |
| Summary, etc |
This deceptively simple bedtime book gives your child the building blocks for math success. As children say goodnight to the objects all around them three wheels on a tricycle, four legs on a cat they will connect with the real numbers in their world while creating cuddly memories, night after night. |
| 650 #0 - SUBJECT ADDED ENTRY--TOPICAL TERM |
| Topical term or geographic name as entry element |
Stories in rhyme. |
| 9 (RLIN) |
6364157 |
| 650 #0 - SUBJECT ADDED ENTRY--TOPICAL TERM |
| Topical term or geographic name as entry element |
Numbers, Natural |
| Form subdivision |
Juvenile fiction. |
| 9 (RLIN) |
5728010 |
| 650 #0 - SUBJECT ADDED ENTRY--TOPICAL TERM |
| Topical term or geographic name as entry element |
Counting |
| Form subdivision |
Juvenile fiction. |
| 9 (RLIN) |
5693413 |
| 650 #0 - SUBJECT ADDED ENTRY--TOPICAL TERM |
| Topical term or geographic name as entry element |
Bedtime |
| Form subdivision |
Juvenile fiction. |
| 9 (RLIN) |
5674587 |
| 650 #0 - SUBJECT ADDED ENTRY--TOPICAL TERM |
| Topical term or geographic name as entry element |
Board books. |
| 9 (RLIN) |
6364158 |
| 650 #1 - SUBJECT ADDED ENTRY--TOPICAL TERM |
| Topical term or geographic name as entry element |
Stories in rhyme. |
| 9 (RLIN) |
6364157 |
| 650 #1 - SUBJECT ADDED ENTRY--TOPICAL TERM |
| Topical term or geographic name as entry element |
Numbers, Natural |
| Form subdivision |
Fiction. |
| 9 (RLIN) |
5728808 |
| 650 #1 - SUBJECT ADDED ENTRY--TOPICAL TERM |
| Topical term or geographic name as entry element |
Counting |
| Form subdivision |
Fiction. |
| 9 (RLIN) |
5711114 |
| 650 #1 - SUBJECT ADDED ENTRY--TOPICAL TERM |
| Topical term or geographic name as entry element |
Bedtime |
| Form subdivision |
Fiction. |
| 9 (RLIN) |
5674591 |
| 650 #7 - SUBJECT ADDED ENTRY--TOPICAL TERM |
| Topical term or geographic name as entry element |
JUVENILE FICTION / Concepts / Counting & Numbers. |
| Source of heading or term |
bisacsh |
| 9 (RLIN) |
5718186 |
| 650 #7 - SUBJECT ADDED ENTRY--TOPICAL TERM |
| Topical term or geographic name as entry element |
JUVENILE FICTION / Bedtime & Dreams. |
| Source of heading or term |
bisacsh |
| 9 (RLIN) |
5700115 |
| 650 #7 - SUBJECT ADDED ENTRY--TOPICAL TERM |
| Topical term or geographic name as entry element |
JUVENILE FICTION / Family / General (see also headings under Social Themes). |
| Source of heading or term |
bisacsh |
| 9 (RLIN) |
5741775 |
| 650 #7 - SUBJECT ADDED ENTRY--TOPICAL TERM |
| Topical term or geographic name as entry element |
Board books. |
| Source of heading or term |
fast |
| 9 (RLIN) |
6364158 |
| 650 #7 - SUBJECT ADDED ENTRY--TOPICAL TERM |
| Topical term or geographic name as entry element |
Bedtime. |
| Source of heading or term |
fast |
| 9 (RLIN) |
6364159 |
| 650 #7 - SUBJECT ADDED ENTRY--TOPICAL TERM |
| Topical term or geographic name as entry element |
Counting. |
| Source of heading or term |
fast |
| 9 (RLIN) |
6364160 |
| 650 #7 - SUBJECT ADDED ENTRY--TOPICAL TERM |
| Topical term or geographic name as entry element |
Numbers, Natural. |
| Source of heading or term |
fast |
| 9 (RLIN) |
88681 |
| 650 #7 - SUBJECT ADDED ENTRY--TOPICAL TERM |
| Topical term or geographic name as entry element |
Stories in rhyme. |
| Source of heading or term |
fast |
| 9 (RLIN) |
6364157 |
| 655 #7 - INDEX TERM--GENRE/FORM |
| Genre/form data or focus term |
Stories in rhyme. |
| Source of term |
fast |
| 9 (RLIN) |
6364161 |
| 655 #7 - INDEX TERM--GENRE/FORM |
| Genre/form data or focus term |
Stories in rhyme. |
| Source of term |
lcgft |
| 9 (RLIN) |
6364161 |
| 700 1# - ADDED ENTRY--PERSONAL NAME |
| Personal name |
Padron, Alicia, |
| Relator term |
illustrator. |
| 9 (RLIN) |
6364152 |
| 906 ## - LOCAL DATA ELEMENT F, LDF (RLIN) |
| a |
7 |
| b |
cbc |
| c |
copycat |
| d |
2 |
| e |
epcn |
| f |
20 |
| g |
y-gencatlg |
| 942 ## - ADDED ENTRY ELEMENTS (KOHA) |
| Source of classification or shelving scheme |
Dewey Decimal Classification |
| Koha item type |
BOOK |